000 00640nam a2200265Ia 4500
005 20260121172755.0
008 008 260114s9999 xx 000 0 eng d
020 _a9783030840099
037 _aEBOOK
040 _aCRL
040 _beng
040 _cCRL
041 _2eng
041 _aeng
084 _qCRL
100 _aInez Hedges
_91092569
245 0 _aStaging History from the Shoah to Palestine
260 _bSpringer
260 _bSpringer
260 _c2021
856 _uhttps://link.springer.com/openurl?genre=book&isbn=978-3-030-84009-9
942 _cEBOOK
999 _c1658309
_d1658309